|
|
|
|
| LEADER |
02597nkm a2200493 a 4500 |
| 001 |
mzk03001186833 |
| 003 |
CZ BrMZK |
| 005 |
20130121112755.0 |
| 007 |
kj|ao| |
| 008 |
130118q18841885gw ||| f || k|ger|d |
| 040 |
|
|
|a BOA001
|b cze
|
| 072 |
|
7 |
|a 27-5
|x Liturgie. Křesťanské umění a symbolika. Duchovní život
|2 Konspekt
|9 5
|
| 072 |
|
7 |
|a 76
|x Grafické umění. Grafika
|2 Konspekt
|9 21
|
| 080 |
|
|
|a 27-526.2
|2 MRF
|
| 080 |
|
|
|a 73.023.1-035.56
|2 MRF
|
| 080 |
|
|
|a 730-022.51
|2 MRF
|
| 080 |
|
|
|a 655.34
|2 MRF
|
| 080 |
|
|
|a (0.026.6)76
|2 MRF
|
| 245 |
0 |
0 |
|a Kirchliche Ausstellung des Mähr. Gewerbemuseums 1884-5.
|h [grafika]
|n No. 72.,
|p d. Diptychon Elfenbin, 6 (12 1/2) cm breit, 9 1/2 cm hoch; 14 Jahrh., böhmischer Provenienz. e. Elfenbeintäfelchen 6 cm breit, 10 cm hoch, 14 Jahrh. f. Elfenbeintäfelchen 5 cm breit, 8 cm. hoch; 13 Jahrh. g. Täfelchen Elfenbeinschnitzerei, 4 cm. breit, 10 1/2 cm hoch. Sämmtlich Eigenthum des Maler F. Wachsmann in Prag /
|c Selbstverlag des Mähr. Gewerbemuseums. Lichtdruck von Römmler & Jonas Dresden
|
| 246 |
3 |
0 |
|a Diptychon Elfenbin, 6 (12 1/2) cm breit, 9 1/2 cm hoch; 14 Jahrh., böhmischer Provenienz
|h [grafika]
|
| 246 |
3 |
0 |
|a Elfenbeintäfelchen 6 cm breit, 10 cm hoch, 14 Jahrh.
|h [grafika]
|
| 246 |
3 |
0 |
|a Täfelchen Elfenbeinschnitzerei, 4 cm. breit, 10 1/2 cm hoch. Sämmtlich Eigenthum des Maler F. Wachsmann in Prag
|h [grafika]
|
| 260 |
|
|
|a Dresden :
|b Lichtdruck von Römmler & Jonas,
|c [mezi 1884 a 1885]
|
| 300 |
|
|
|a 1 list :
|b světlotisk ;
|c 16 x 20,6 cm na listu 30,3 x 40,2 cm
|
| 500 |
|
|
|a List patří do většího souboru předmětů z Moravského muzea - Kirchliche Ausstellung des mähr. Gewerbemuseums
|
| 590 |
|
|
|a Potrhané okraje, papír je zkřehlý
|
| 650 |
|
4 |
|a světlotisk
|
| 650 |
|
7 |
|a tisk z plochy
|7 ph126650
|2 czenas
|
| 650 |
|
7 |
|a oltáře
|7 ph135202
|2 czenas
|
| 650 |
|
7 |
|a řezba ve slonovině
|7 ph139186
|2 czenas
|
| 650 |
|
7 |
|a drobná plastika
|7 ph119608
|2 czenas
|
| 655 |
|
7 |
|a grafické listy
|7 fd132404
|2 czenas
|
| 700 |
1 |
|
|a Römmler, Emil,
|d 1842-1941
|7 mzk2010574965
|4 pbl
|
| 700 |
1 |
|
|a Jonas, Leopold Erasmus
|4 pbl
|
| 700 |
1 |
|
|a Wachsmann, Bedřich,
|d 1820-1897
|4 own
|
| 710 |
2 |
|
|a Römmler & Jonas
|
| 856 |
4 |
1 |
|u https://imageserver.mzk.cz/mzk03/001/186/833/3281G0281238
|y Digitalizovaný dokument
|
| 856 |
4 |
1 |
|u https://imageserver.mzk.cz/mzk03/001/186/833/3281G0281238
|y Digitalizovaný dokument
|
| 910 |
|
|
|e BOE950
|c R - GR - 0000.141,78,4
|
| 985 |
|
|
|a 1851-1900
|
| 990 |
|
|
|a GP
|
| 996 |
|
|
|e BOE950
|c R - GR - 0000.141,78,4
|
| 980 |
|
|
|c 281238
|g R-GR-0000.141,78,4
|1 3281G0281238
|
| 991 |
|
|
|k rajhrad
|